000 01461cam a22003854a 4500
001 12195271
003 Ost
005 20140310181621.0
008 001004s2001 caua 001 0 eng
010 _a 00109637
020 _a0764535080
040 _aDLC
_cDLC
_dDLC
042 _apcc
050 0 0 _aT 385
_b.M478 2001
082 0 0 _aCS 006.68
_bM13 2001
100 1 _aMcClelland, Deke,
_d1962-
240 1 0 _aLook & learn Photoshop 6
245 1 0 _aDeke Mclelland's look & learn Photoshop 6 /
_cDeke McClelland ; with additional content by Amy Thomas Buscaglia & Daniel McClelland.
246 3 0 _aLook & learn Photoshop 6
260 _aCalif :
_bIDG Books Worldwide,
_cc2001.
300 _axi, 320 p. :
_bill. ;
_c24 cm. :
500 _aIncludes index.
520 _a1. Photoshop (Computer file). 2. Computer graphics.
521 _aBasic ed. students
541 _j1
562 _e1
630 0 0 _aAdobe Photoshop.
650 0 _aComputer graphics.
856 4 2 _3Contributor biographical information
_uhttp://www.loc.gov/catdir/bios/wiley045/00109637.html
856 4 2 _3Publisher description
_uhttp://www.loc.gov/catdir/description/wiley038/00109637.html
856 4 1 _3Table of contents
_uhttp://www.loc.gov/catdir/toc/wiley021/00109637.html
906 _a7
_bcbc
_corignew
_d2
_eepcn
_f20
_gy-gencatlg
942 _2lcc
_cBK
_kCS
999 _c120
_d120